| 000 | 03184cam a22011534i 4500 | ||
|---|---|---|---|
| 003 | PE-LiUPU | ||
| 005 | 20250813185453.0 | ||
| 008 | 150623s2000 ag r 000 0 spa d | ||
| 035 | _a(Sirsi) a27460 | ||
| 040 |
_aPE-LiUPU _bspa _cPE-LiUPU _erda |
||
| 082 | 0 | 4 |
_a316.475 _bP34 _221 |
| 100 | 1 |
_aPease, Allan, _d2000, _eautor. |
|
| 245 | 1 | 3 |
_aEl arte de nogociar y persuadir / _cAllan Pease. |
| 264 | 1 |
_aBarcelona : _bAmata, _c2000. |
|
| 300 |
_a110 páginas ; _c23 cm. |
||
| 336 |
_atext _2rdacontent |
||
| 337 |
_aunmediated _2rdamedia |
||
| 338 |
_avolume _2rdacarrier |
||
| 505 | 0 | _a¿Por qué he escrito este libro?. La promesa. Las cinco reglas de oro del éxito. Las medias un negocio de networking. La técnica de las cuatro llaves. Descubra el botón caliente. El poder del silencio. Muestre el plan. Obtenga un compromiso. Seis habilidades estratégicas para presentación de impacto. El lenguaje corporal del que escucha. Diferencias del efecto espejo entre hombres y mujeres. Seis técnicas tremendas para generar impresiones positivas. Lenguaje coroporal: como leer los signos. Una guía rápida del lenguaje corporal. Signos corporales positivos. Signos corporales negativos. | |
| 526 | _aP202 | ||
| 526 | _aP201 | ||
| 526 | _aP163 | ||
| 526 | _aP162 | ||
| 526 | _aP161 | ||
| 526 | _aP160 | ||
| 526 | _aP148 | ||
| 526 | _aP147 | ||
| 526 | _aP146 | ||
| 526 | _aP145 | ||
| 526 | _aP144 | ||
| 526 | _aP143 | ||
| 526 | _aP142 | ||
| 526 | _aP141 | ||
| 526 | _aP140 | ||
| 526 | _aP139 | ||
| 526 | _aP138 | ||
| 526 | _aP137 | ||
| 526 | _aP136 | ||
| 526 | _aP135 | ||
| 526 | _aP134 | ||
| 526 | _aP133 | ||
| 526 | _aP129 | ||
| 526 | _aP128 | ||
| 526 | _aP127 | ||
| 526 | _aP120 | ||
| 526 | _aP119 | ||
| 526 | _aP118 | ||
| 526 | _aP116 | ||
| 526 | _aP115 | ||
| 526 | _aP114 | ||
| 526 | _aP110 | ||
| 526 | _aP109 | ||
| 526 | _aP108 | ||
| 526 | _aP104 | ||
| 526 | _aP103 | ||
| 526 | _aP102 | ||
| 526 | _aP99 | ||
| 526 | _aP98 | ||
| 526 | _aP97 | ||
| 526 | _aP96 | ||
| 526 | _aP95 | ||
| 526 | _aP93 | ||
| 526 | _aP90 | ||
| 526 | _aP89 | ||
| 526 | _aP88 | ||
| 526 | _aP83 | ||
| 526 | _aP82 | ||
| 526 | _aP62 | ||
| 526 | _aP59 | ||
| 526 | _aP58 | ||
| 526 | _aP57 | ||
| 526 | _aP51 | ||
| 526 | _aP49 | ||
| 526 | _aP48 | ||
| 526 | _aP47 | ||
| 526 | _aP29 | ||
| 526 | _aP24 | ||
| 526 | _aP20 | ||
| 526 | _aP19 | ||
| 526 | _aP17 | ||
| 526 | _aP15 | ||
| 526 | _aP14 | ||
| 526 | _aP12 | ||
| 526 | _aP10 | ||
| 526 | _aP09 | ||
| 526 | _aP08 | ||
| 526 | _aP07 | ||
| 526 | _aP06 | ||
| 526 | _aP05 | ||
| 526 | _aP04 | ||
| 526 | _aP01 | ||
| 650 | 1 | 4 | _aPersuación (Psicologìa). |
| 650 | 2 | 4 | _aNegociación. |
| 942 |
_2ddc _cBOOK |
||
| 949 |
_a316.475 P34 _wDEWEY _c1 _i52734 _lCCODEBUL1 _mBUL _p19.00 _r0 _sY _tBOOK _u2015-06-24 _xFCE _zUNKNOWN _0COMPRA _o.STAFF. Colección General |
||
| 596 | _a1 | ||
| 999 |
_a316.475 P34 _wDEWEY _c34603 _i52734 _d34603 _e2017-6-21 _f2021-11-5 _g6 _lCCODEBUL1 _mBUL _n3 _p19.00 _r0 _sY _tBOOK _u2015-6-24 _xBIBLIOTECA _zUNKNOWN _0COMPRA _o.STAFF. Colección General |
||
| 980 |
_81 _gALBERTO SANCHEZ Responsable de Automatización |
||